| 000 | 00735nam a2200229Ia 4500 | ||
|---|---|---|---|
| 001 | 16856 | ||
| 003 | GE_BSU | ||
| 008 | 181216s||||||||xx |||||||||||||| ||und|| | ||
| 040 | _cGE_BSU | ||
| 080 | _a821.353.1-31 | ||
| 100 | _aგელაშვილი, გიორგი | ||
| 245 | _aორი ამონაყარი ერთი ძირიდან | ||
| 245 | _bმოთხრობები | ||
| 245 | _cრედ. მ.ქოიავა | ||
| 260 | _aთბილისი | ||
| 260 | _bმერანი | ||
| 260 | _c1975 | ||
| 300 | _a283გვ. ; 16სმ. | ||
| 653 | _aმოთხრობები | ||
| 653 | _aორი ამონაყარი ერთი ძირიდან | ||
| 942 | _cBK | ||
| 999 |
_c49920 _d49920 |
||